Language Quiz

Random Language or Letter Quiz
Score 0/25 Timer 04:00
1 Play Today
Hint Answer % Correct
A place to keep your driver's licensewallet
98.5%
The part of the body just above the hipswaist
98.5%
Opposite of east; actress Maewest
95%
Document authorizing an arrest or searchwarrant
94.1%
A blemish that might be found on a witch's facewart
94.1%
Grain used to make flourwheat
92.5%
A unit of powerwatt
90.5%
Joint connecting the hand to the forearmwrist
87.9%
The wrinkled, edible seed of a deciduous treewalnut
84.9%
A mark left on the skin after being struckwelt
81.4%
A place to throw your garbagewastebasket
75.9%
The practice of black magicwitchcraft
75.2%
German or Austrian sausagewurst
75.1%
Hint Answer % Correct
A fall from a surfboardwipeout
73.1%
The strong desire to travelwanderlust
71.6%
Australian marsupial resembling a small bearwombat
68.1%
Slang for a murder mysterywhodunit
67.9%
It is defended by a batsman in cricketwicket
66.8%
A small gadget; a basic software applicationwidget
62.6%
Dog breed similar to and descended from greyhoundswhippet
58.1%
A tornado that might form in a lake or oceanwaterspout
48.7%
A card game played for trickswhist
39.8%
Another name for the gnuwildebeest
35.6%
A paper listing questions or tasks for students to completeworksheet
33.1%
In fantasy literature, a wraith-like spirit or creaturewight
10.6%
Remove Ads.
Support Sporcle.
Get the best of Sporcle when you Go Orange. This ad-free experience offers more features, more stats, and more fun while also helping to support Sporcle. Thank you for becoming a member.

You're not logged in!

Compare scores with friends on all Sporcle quizzes.
OR
Log In

Show Comments

Extras

Top Quizzes Today


Score Distribution

Your Account Isn't Verified!

In order to create a playlist on Sporcle, you need to verify the email address you used during registration. Go to your Sporcle Settings to finish the process.

Report this User

Report this user for behavior that violates our Community Guidelines.

Details: